000
00304nam a2200133Ia 4500
008
191201s2012 xx 000 0 und d
100
_a
ROBBINS,Stephen P
245
0
_a
Organizational Behavior
250
_a
IMP
260
_c
2012
_b
pearson
_a
N. delhi
300
_a
623
650
_a
MBA
942
_2
ddc
_c
BB
999
_c
7539
_d
7539